[Event "GBR-ch107 U10"]
[Site "Milton Keynes"]
[Date "2021.10.02"]
[Round "1.10"]
[White "Hariharan, Shambavi"]
[Black "Soulier, Alfred"]
[Result "1/2-1/2"]
[WhiteElo "858"]
[BlackElo "1350"]
[PlyCount "52"]
[EventDate "2021.10.02"]
[EventType "swiss"]
[EventRounds "7"]
[EventCountry "GBR"]
[SourceTitle "BritBase"]
[Source "John Saunders"]
[SourceDate "2021.06.05"]
[SourceVersion "1"]
[SourceVersionDate "2021.06.05"]
[SourceQuality "1"]

1. d4 Nf6 2. Bf4 g6 3. e3 Bg7 4. Nf3 O-O 5. Be2 d6 6. O-O c5 7. c3 Qb6 8. Qb3
Qxb3 9. axb3 Nh5 10. Bg3 Nxg3 11. hxg3 Nc6 12. Nbd2 cxd4 13. exd4 Bd7 14. b4 a6
15. Nc4 Rad8 16. Na5 Nxa5 17. bxa5 Rfe8 18. Nd2 Bh6 19. Nc4 Bb5 20. Rfe1 Bxc4
21. Bxc4 e6 22. g4 d5 23. Be2 Bd2 24. Red1 Bh6 25. Bf3 Re7 26. Re1 Bd2 1/2-1/2

[Event "GBR-ch107 U10"]
[Site "Milton Keynes"]
[Date "2021.10.02"]
[Round "2.1"]
[White "Pitts, Daniel"]
[Black "Hanache, Kai"]
[Result "0-1"]
[WhiteElo "1338"]
[BlackElo "1547"]
[PlyCount "48"]
[EventDate "2021.10.02"]
[EventType "swiss"]
[EventRounds "7"]
[EventCountry "GBR"]
[SourceTitle "BritBase"]
[Source "John Saunders"]
[SourceDate "2021.06.05"]
[SourceVersion "1"]
[SourceVersionDate "2021.06.05"]
[SourceQuality "1"]

1. e4 c6 2. d4 d5 3. Nc3 dxe4 4. Nxe4 Nf6 5. Nxf6+ exf6 6. Nf3 Bd6 7. Bc4 O-O
8. O-O Bg4 9. h3 Bh5 10. Qd3 Nd7 11. d5 Bxf3 12. Qxf3 Ne5 13. Qb3 Nxc4 14. Qxc4
cxd5 15. Qb3 Qc7 16. Rd1 Rad8 17. Rxd5 Rfe8 18. Be3 b6 19. Rad1 Be5 20. Rxd8
Rxd8 21. Rxd8+ Qxd8 22. c3 Qd3 23. Qa4 Qb1+ 24. Bc1 Qxc1+ 0-1

[Event "GBR-ch107 U10"]
[Site "Milton Keynes"]
[Date "2021.10.02"]
[Round "2.2"]
[White "Ashton, Alannah"]
[Black "Zhu, Pengxiao"]
[Result "1-0"]
[WhiteElo "1280"]
[BlackElo "1375"]
[PlyCount "51"]
[EventDate "2021.10.02"]
[EventType "swiss"]
[EventRounds "7"]
[EventCountry "GBR"]
[SourceTitle "BritBase"]
[Source "John Saunders"]
[SourceDate "2021.06.05"]
[SourceVersion "1"]
[SourceVersionDate "2021.06.05"]
[SourceQuality "1"]

1. e4 e5 2. Nf3 Nc6 3. Bb5 f5 4. Nc3 fxe4 5. Nxe4 d5 6. Nxe5 dxe4 7. Nxc6 Qd7
8. Qh5+ g6 9. Qe5+ Kf7 10. Bc4+ Qe6 11. Bxe6+ Bxe6 12. Nd4 Re8 13. Nxe6 Rxe6
14. Qxh8 Nf6 15. g4 Bg7 16. Qb8 Nxg4 17. Qxb7 Bd4 18. Qxc7+ Re7 19. Qc4+ Kf6
20. Qxd4+ Kf5 21. Qc5+ Re5 22. Qxa7 Kf4 23. Qf7+ Rf5 24. Qxh7 Kf3 25. Qh3+ Kf4
26. Qg3+ 1-0

[Event "GBR-ch107 U10"]
[Site "Milton Keynes"]
[Date "2021.10.02"]
[Round "2.3"]
[White "Liu, Jacob"]
[Black "Rida, Ruqayyah"]
[Result "1-0"]
[WhiteElo "1355"]
[BlackElo "1261"]
[PlyCount "91"]
[EventDate "2021.10.02"]
[EventType "swiss"]
[EventRounds "7"]
[EventCountry "GBR"]
[SourceTitle "BritBase"]
[Source "John Saunders"]
[SourceDate "2021.06.05"]
[SourceVersion "1"]
[SourceVersionDate "2021.06.05"]
[SourceQuality "1"]

1. e4 e5 2. Nf3 Nc6 3. Bc4 Bc5 4. c3 Nf6 5. d3 h6 6. Be3 Bb6 7. O-O O-O 8. Nbd2
d6 9. b4 a6 10. Bxb6 cxb6 11. Re1 Be6 12. h3 Rc8 13. a3 Ne7 14. Bxe6 fxe6 15.
Qb3 Qd7 16. Nc4 Qc7 17. Nxb6 Qxb6 18. Qxe6+ Rf7 19. Nxe5 Rcf8 20. Nxf7 Rxf7 21.
d4 Nh5 22. e5 Nf4 23. Qxd6 Qxd6 24. exd6 Nf5 25. Re8+ Kh7 26. d7 Rxd7 27. Rf8
Kg6 28. g4 Nxd4 29. cxd4 Rxd4 30. Kh2 Ne6 31. Re8 Ng5 32. Re3 Rf4 33. Kg3 Rd4
34. f3 Kf6 35. h4 Ne6 36. Rae1 Nc7 37. Re4 Rd3 38. R1e3 Rd1 39. Rf4+ Kg6 40.
h5+ Kh7 41. Re2 Rd3 42. a4 Rd7 43. Rfe4 Rd6 44. Re7 Rc6 45. R2e5 Kg8 46. Rc5
1-0

[Event "GBR-ch107 U10"]
[Site "Milton Keynes"]
[Date "2021.10.02"]
[Round "2.4"]
[White "Catabay, Rezin C"]
[Black "Murawski, Jan"]
[Result "0-1"]
[WhiteElo "1353"]
[BlackElo "1108"]
[PlyCount "50"]
[EventDate "2021.10.02"]
[EventType "swiss"]
[EventRounds "7"]
[EventCountry "GBR"]
[SourceTitle "BritBase"]
[Source "John Saunders"]
[SourceDate "2021.06.05"]
[SourceVersion "1"]
[SourceVersionDate "2021.06.05"]
[SourceQuality "1"]

1. e4 e5 2. Nf3 Nc6 3. Bc4 Bc5 4. O-O Nf6 5. c3 a6 6. d4 Bb6 7. dxe5 Nxe4 8.
Qd5 Qe7 9. Qxe4 d6 10. Bg5 f6 11. Bf4 dxe5 12. Bg3 g6 13. Bd5 Bd7 14. Bxc6 Bxc6
15. Qe2 O-O-O 16. Nbd2 g5 17. Nc4 Ba7 18. Qc2 h5 19. h3 Qe6 20. Ncd2 h4 21. Bh2
g4 22. hxg4 Qxg4 23. Kh1 h3 24. Rg1 Rdg8 25. Ne1 hxg2+ 0-1

[Event "GBR-ch107 U10"]
[Site "Milton Keynes"]
[Date "2021.10.02"]
[Round "2.5"]
[White "Bryant, Harry"]
[Black "Marsden, Rupert"]
[Result "1-0"]
[WhiteElo "1225"]
[BlackElo "1352"]
[PlyCount "27"]
[EventDate "2021.10.02"]
[EventType "swiss"]
[EventRounds "7"]
[EventCountry "GBR"]
[SourceTitle "BritBase"]
[Source "John Saunders"]
[SourceDate "2021.06.05"]
[SourceVersion "1"]
[SourceVersionDate "2021.06.05"]
[SourceQuality "1"]

1. e4 e5 2. Nf3 Nc6 3. Bc4 Bc5 4. b4 Bxb4 5. c3 Ba5 6. d4 f6 7. dxe5 Nxe5 8.
Nxe5 fxe5 9. Qh5+ g6 10. Qxe5+ Qe7 11. Qxh8 Qxe4+ 12. Be2 Qe6 13. O-O Qf7 14.
Re1 1-0

[Event "GBR-ch107 U10"]
[Site "Milton Keynes"]
[Date "2021.10.02"]
[Round "2.6"]
[White "Soulier, Alfred"]
[Black "Grose, Kameron"]
[Result "1-0"]
[WhiteElo "1350"]
[BlackElo "1724"]
[PlyCount "67"]
[EventDate "2021.10.02"]
[EventType "swiss"]
[EventRounds "7"]
[EventCountry "GBR"]
[SourceTitle "BritBase"]
[Source "John Saunders"]
[SourceDate "2021.06.05"]
[SourceVersion "1"]
[SourceVersionDate "2021.06.05"]
[SourceQuality "1"]

1. d4 d5 2. c4 c6 3. Nf3 Nf6 4. Nc3 e6 5. Bg5 Be7 6. e3 Nbd7 7. Qc2 O-O 8. Bd3
b6 9. O-O Bb7 10. Rac1 Re8 11. Rfd1 Rc8 12. cxd5 cxd5 13. Qe2 Nh5 14. Bxe7 Qxe7
15. Nb5 a6 16. Nc7 Red8 17. Nxa6 Bxa6 18. Bxa6 Ra8 19. a3 Nhf6 20. Rc7 Qd6 21.
Rc2 Nb8 22. Bb5 Nbd7 23. Rc6 Qf8 24. Rdc1 Rdc8 25. Qc2 Rxc6 26. Qxc6 Rd8 27.
Ne5 Nxe5 28. dxe5 Nd7 29. Qxd7 Rxd7 30. Bxd7 f6 31. Bxe6+ Kh8 32. Rc8 Qxc8 33.
Bxc8 fxe5 34. b4 1-0

[Event "GBR-ch107 U10"]
[Site "Milton Keynes"]
[Date "2021.10.02"]
[Round "2.7"]
[White "Vaidyanathan, Adithya"]
[Black "Hariharan, Shambavi"]
[Result "0-1"]
[WhiteElo "1559"]
[BlackElo "858"]
[PlyCount "148"]
[EventDate "2021.10.02"]
[EventType "swiss"]
[EventRounds "7"]
[EventCountry "GBR"]
[SourceTitle "BritBase"]
[Source "John Saunders"]
[SourceDate "2021.06.05"]
[SourceVersion "1"]
[SourceVersionDate "2021.06.05"]
[SourceQuality "1"]

1. Nf3 d5 2. d4 Nf6 3. c4 c6 4. Bg5 e6 5. Nc3 h6 6. Bxf6 Qxf6 7. e3 Nd7 8. Rc1
dxc4 9. e4 b5 10. e5 Qd8 11. a4 a6 12. axb5 axb5 13. Be2 Be7 14. O-O O-O 15.
Nd2 Nb6 16. Bf3 Nd5 17. b3 cxb3 18. Nxd5 cxd5 19. Qxb3 Ba6 20. Rc2 b4 21. Rfc1
Bb5 22. Rb2 Ra3 23. Qc2 Rc3 24. Qb1 Bd3 25. Qa1 Qc7 26. Re1 Rc8 27. Nb3 Bc2 28.
Nc1 Ra3 29. Ra2 Rxa2 30. Qxa2 Bg6 31. h3 Qc3 32. Rf1 Qxd4 33. Qa6 Qc4 34. Qb7
Qc7 35. Qb5 Rb8 36. Qa4 Qb6 37. Qb3 d4 38. Be2 Rc8 39. Bd1 Rc3 40. Qb2 d3 41.
Nb3 Rc8 42. Re1 Bc5 43. Nxc5 Qxc5 44. Bf3 Qc3 45. Qa1 Qxa1 46. Rxa1 b3 47. Rb1
Rb8 48. Bd1 b2 49. Kf1 d2 50. Rxb2 Rxb2 51. Ke2 Rb5 52. Kxd2 Rxe5 53. f4 Rd5+
54. Ke2 Bd3+ 55. Ke3 Bf1 56. Bf3 Ra5 57. Kf2 Bc4 58. Kg3 Bd5 59. Be2 f5 60. Kh2
Ra2 61. Bf1 h5 62. h4 Kf7 63. Kh3 Ra1 64. Be2 Kf6 65. Bxh5 g6 66. Be2 e5 67.
fxe5+ Kxe5 68. Kg3 f4+ 69. Kf2 Ra2 70. h5 gxh5 71. Kf1 h4 72. Bg4 Bxg2+ 73. Kg1
f3 74. Bh5 Kf4 0-1

[Event "GBR-ch107 U10"]
[Site "Milton Keynes"]
[Date "2021.10.02"]
[Round "2.8"]
[White "Yu, Rock"]
[Black "Gushchin, Arseniy"]
[Result "0-1"]
[WhiteElo "1428"]
[BlackElo "1278"]
[PlyCount "126"]
[EventDate "2021.10.02"]
[EventType "swiss"]
[EventRounds "7"]
[EventCountry "GBR"]
[SourceTitle "BritBase"]
[Source "John Saunders"]
[SourceDate "2021.06.05"]
[SourceVersion "1"]
[SourceVersionDate "2021.06.05"]
[SourceQuality "1"]

1. c4 e6 2. Nc3 d5 3. cxd5 exd5 4. d4 Nf6 5. Bf4 c6 6. e3 Bb4 7. Bd3 Qa5 8.
Nge2 Bg4 9. f3 Be6 10. Qc2 Nbd7 11. a3 c5 12. Kf2 Bxc3 13. Nxc3 c4 14. Be2 Nh5
15. Bg3 g6 16. e4 O-O 17. exd5 Bxd5 18. Nxd5 Qxd5 19. Qxc4 Qg5 20. Qc1 Qf6 21.
Qd2 Rad8 22. Rad1 Nc5 23. Be5 Ne4+ 24. Kg1 Qxe5 25. dxe5 Nxd2 26. g3 Rfe8 27.
f4 f6 28. Bxh5 gxh5 29. exf6 Ne4 30. Kg2 Nxf6 31. Kh3 Ng4 32. Rxd8 Rxd8 33. Kh4
Nf6 34. Kg5 Kg7 35. Re1 h6+ 36. Kf5 Rf8 37. Rc1 Ng4+ 38. Ke6 Rf6+ 39. Kd5 Rb6
40. b4 Nxh2 41. Rc7+ Kg6 42. Ke4 Nf1 43. f5+ Kf6 44. Kf3 Kxf5 45. Rc2 Rd6 46.
Rf2 Kg5 47. Rxf1 Rf6+ 48. Kg2 Rxf1 49. Kxf1 Kg4 50. Kg2 h4 51. gxh4 Kxh4 52.
Kf3 Kg5 53. Ke4 h5 54. Kd5 h4 55. Kd6 h3 56. Kc7 h2 57. Kxb7 h1=Q+ 58. Kxa7 Qc6
59. Kb8 Qa4 60. Kb7 Qb5+ 61. Ka7 Kf4 62. Ka8 Ke3 63. Ka7 Ke4 0-1

[Event "GBR-ch107 U10"]
[Site "Milton Keynes"]
[Date "2021.10.02"]
[Round "2.9"]
[White "Shi, Shaoquan"]
[Black "Steiners, Emils"]
[Result "0-1"]
[WhiteElo "1050"]
[BlackElo "1427"]
[PlyCount "66"]
[EventDate "2021.10.02"]
[EventType "swiss"]
[EventRounds "7"]
[EventCountry "GBR"]
[SourceTitle "BritBase"]
[Source "John Saunders"]
[SourceDate "2021.06.05"]
[SourceVersion "1"]
[SourceVersionDate "2021.06.05"]
[SourceQuality "1"]

1. d4 d5 2. c4 e6 3. Nc3 Nf6 4. cxd5 exd5 5. Bg5 Be7 6. e3 O-O 7. Bd3 c6 8. Qc2
h6 9. Bh4 Nbd7 10. Nf3 Re8 11. O-O Ne4 12. Bxe7 Qxe7 13. Nd2 Ndf6 14. f3 Nxc3
15. bxc3 Qxe3+ 16. Kh1 Bd7 17. f4 Ng4 18. Nf3 Qxf4 19. g3 Qc7 20. Rae1 Ne3 21.
Qb1 Nxf1 22. Rxf1 f6 23. Bg6 Re3 24. Bh7+ Kh8 25. Qc2 Bh3 26. Rf2 Rae8 27. Ng1
Re1 28. Qd2 Qe7 29. Qf4 Rxg1+ 30. Kxg1 Qe1+ 31. Rf1 Bxf1 32. Qxf1 Qxf1+ 33.
Kxf1 Kxh7 0-1

[Event "GBR-ch107 U10"]
[Site "Milton Keynes"]
[Date "2021.10.02"]
[Round "2.10"]
[White "Ward, Cian"]
[Black "Wang, Luoke"]
[Result "1-0"]
[WhiteElo "1375"]
[BlackElo "910"]
[PlyCount "79"]
[EventDate "2021.10.02"]
[EventType "swiss"]
[EventRounds "7"]
[EventCountry "GBR"]
[SourceTitle "BritBase"]
[Source "John Saunders"]
[SourceDate "2021.06.05"]
[SourceVersion "1"]
[SourceVersionDate "2021.06.05"]
[SourceQuality "1"]

1. e4 c5 2. c3 Nf6 3. e5 Nd5 4. d4 cxd4 5. cxd4 d6 6. Bc4 Nb6 7. Bd3 Nc6 8. Nf3
g6 9. O-O Bg7 10. Re1 Bg4 11. d5 Nxe5 12. Qb3 Bxf3 13. Bb5+ Nbd7 14. gxf3 O-O
15. h3 Nc5 16. Qe3 g5 17. Be2 h6 18. Nc3 f5 19. b4 f4 20. Qd2 Ncd3 21. Rf1 Qd7
22. Kg2 Qf5 23. Rd1 Nxb4 24. Rb1 a5 25. a3 Na6 26. Rxb7 Rf7 27. Bxa6 Rxa6 28.
Nb5 Qc8 29. Ra7 Rxa7 30. Nxa7 Qa6 31. Nc6 Nxc6 32. dxc6 Qxc6 33. Qxa5 h5 34.
Qxg5 Qc2 35. Qd5 Qg6+ 36. Kf1 Kh7 37. Qe4 Qxe4 38. fxe4 f3 39. Rd5 Be5 40. Rd3
1-0

[Event "GBR-ch107 U10"]
[Site "Milton Keynes"]
[Date "2021.10.02"]
[Round "3.1"]
[White "Hanache, Kai"]
[Black "Ashton, Alannah"]
[Result "1-0"]
[WhiteElo "1547"]
[BlackElo "1280"]
[PlyCount "67"]
[EventDate "2021.10.02"]
[EventType "swiss"]
[EventRounds "7"]
[EventCountry "GBR"]
[SourceTitle "BritBase"]
[Source "John Saunders"]
[SourceDate "2021.06.05"]
[SourceVersion "1"]
[SourceVersionDate "2021.06.05"]
[SourceQuality "1"]

1. e4 c5 2. c3 g6 3. d4 cxd4 4. cxd4 d5 5. e5 Bg7 6. Nf3 Nh6 7. Nc3 Nc6 8. Qb3
Bg4 9. Qxb7 Rc8 10. Bb5 Qd7 11. Qxd7+ Kxd7 12. Nxd5 Nf5 13. Be3 Rb8 14. Bxc6+
Kxc6 15. Nc3 Nxe3 16. fxe3 Rxb2 17. Rc1 Rxg2 18. Nh4 Bh3 19. Nxg2 Bxg2 20. Rg1
Bh3 21. Ne4+ Kd7 22. Nc5+ Kd8 23. Rb1 Bc8 24. Ke2 Kc7 25. Rgc1 Bg4+ 26. Kd3 Rg8
27. Ne4+ Kd7 28. Rb7+ Ke6 29. Ng5+ Kf5 30. h4 Bh5 31. e4+ Kg4 32. Rg1+ Kxh4 33.
Rb2 Bg4 34. Nf3+ 1-0

[Event "GBR-ch107 U10"]
[Site "Milton Keynes"]
[Date "2021.10.02"]
[Round "3.2"]
[White "Murawski, Jan"]
[Black "Liu, Jacob"]
[Result "1-0"]
[WhiteElo "1108"]
[BlackElo "1355"]
[PlyCount "41"]
[EventDate "2021.10.02"]
[EventType "swiss"]
[EventRounds "7"]
[EventCountry "GBR"]
[SourceTitle "BritBase"]
[Source "John Saunders"]
[SourceDate "2021.06.05"]
[SourceVersion "1"]
[SourceVersionDate "2021.06.05"]
[SourceQuality "1"]

1. d4 d6 2. c4 e5 3. dxe5 dxe5 4. Qxd8+ Kxd8 5. Nf3 f6 6. e4 Bb4+ 7. Bd2 Bxd2+
8. Nbxd2 Be6 9. O-O-O Nd7 10. Nb3 b6 11. c5 Bxb3 12. axb3 bxc5 13. Bb5 c6 14.
Bxc6 Rb8 15. Rxd7+ Kc8 16. Rhd1 Rxb3 17. Rd8+ Kc7 18. Ba4 Rb4 19. R1d7+ Kb6 20.
Rb8+ Ka5 21. Rxa7# 1-0

[Event "GBR-ch107 U10"]
[Site "Milton Keynes"]
[Date "2021.10.02"]
[Round "3.3"]
[White "Hariharan, Shambavi"]
[Black "Bryant, Harry"]
[Result "0-1"]
[WhiteElo "858"]
[BlackElo "1225"]
[PlyCount "120"]
[EventDate "2021.10.02"]
[EventType "swiss"]
[EventRounds "7"]
[EventCountry "GBR"]
[SourceTitle "BritBase"]
[Source "John Saunders"]
[SourceDate "2021.06.05"]
[SourceVersion "1"]
[SourceVersionDate "2021.06.05"]
[SourceQuality "1"]

1. d4 Nf6 2. Bf4 g6 3. e3 Bg7 4. Nf3 O-O 5. Be2 d6 6. h3 Nbd7 7. O-O Re8 8. Bh2
a6 9. a4 Ne4 10. Nbd2 Ndf6 11. Nxe4 Nxe4 12. Nd2 Bf5 13. Nxe4 Bxe4 14. Bf3 Bxf3
15. Qxf3 c6 16. Rad1 Qb6 17. b3 f5 18. Rfe1 d5 19. Qe2 e5 20. dxe5 Bxe5 21.
Bxe5 Rxe5 22. Qd3 Rae8 23. Qd4 Qxd4 24. Rxd4 Re4 25. Rxe4 Rxe4 26. Rd1 Kf7 27.
g3 Ke6 28. Kg2 Ke5 29. f4+ Kd6 30. Kf3 Kc5 31. g4 Kb4 32. Rh1 Kc3 33. Rh2 b5
34. axb5 cxb5 35. gxf5 gxf5 36. Rh1 Kxc2 37. Ra1 Re6 38. h4 Kxb3 39. Rd1 Rd6
40. Ke2 a5 41. Kd3 a4 42. Kd4 a3 43. Kc5 Rd8 44. Kxb5 a2 45. Kc6 Kb2 46. Kc7
Re8 47. Kd6 a1=Q 48. Rxa1 Kxa1 49. Kxd5 Rxe3 50. h5 Rh3 51. Ke5 Rxh5 52. Kf6
Rh1 53. Kxf5 h5 54. Kg6 h4 55. f5 h3 56. f6 h2 57. f7 Rg1+ 58. Kf6 Rf1+ 59. Ke7
Rxf7+ 60. Kxf7 h1=Q 0-1

[Event "GBR-ch107 U10"]
[Site "Milton Keynes"]
[Date "2021.10.02"]
[Round "3.4"]
[White "Steiners, Emils"]
[Black "Soulier, Alfred"]
[Result "1-0"]
[WhiteElo "1427"]
[BlackElo "1350"]
[PlyCount "65"]
[EventDate "2021.10.02"]
[EventType "swiss"]
[EventRounds "7"]
[EventCountry "GBR"]
[SourceTitle "BritBase"]
[Source "John Saunders"]
[SourceDate "2021.06.05"]
[SourceVersion "1"]
[SourceVersionDate "2021.06.05"]
[SourceQuality "1"]

1. d4 Nf6 2. c4 g6 3. Nc3 Bg7 4. e4 d6 5. Nf3 O-O 6. h3 e5 7. d5 Na6 8. Bg5 h6
9. Be3 Nc5 10. Nd2 a5 11. Qc2 Bd7 12. g4 b6 13. g5 hxg5 14. Bxg5 Qc8 15. O-O-O
Nh7 16. Be3 Qb7 17. h4 c6 18. Rg1 Rfc8 19. h5 Be8 20. Bh3 Rd8 21. Bf5 Bd7 22.
hxg6 fxg6 23. Rxg6 Be8 24. Rg2 Ra7 25. Bh6 Qb8 26. Rdg1 Nf8 27. Rxg7+ Rxg7 28.
Rxg7+ Kh8 29. Qd1 Nd3+ 30. Kb1 Bd7 31. Qg1 Be6 32. Rh7+ Nxh7 33. Qd1 1-0

[Event "GBR-ch107 U10"]
[Site "Milton Keynes"]
[Date "2021.10.02"]
[Round "3.5"]
[White "Marsden, Rupert"]
[Black "Ward, Cian"]
[Result "0-1"]
[WhiteElo "1352"]
[BlackElo "1375"]
[PlyCount "142"]
[EventDate "2021.10.02"]
[EventType "swiss"]
[EventRounds "7"]
[EventCountry "GBR"]
[SourceTitle "BritBase"]
[Source "John Saunders"]
[SourceDate "2021.06.05"]
[SourceVersion "1"]
[SourceVersionDate "2021.06.05"]
[SourceQuality "1"]

1. d4 d5 2. Bf4 Bf5 3. e3 Nf6 4. Nd2 e6 5. Ngf3 c6 6. c3 Qb6 7. Qb3 Nbd7 8. h3
Be7 9. Nh4 Bg6 10. Nxg6 hxg6 11. Bd3 c5 12. Qxb6 Nxb6 13. Bb5+ Nbd7 14. Nf3 a6
15. Bxd7+ Nxd7 16. O-O c4 17. e4 O-O-O 18. exd5 exd5 19. Rfe1 Bf6 20. Re2 Rhe8
21. Rae1 Rxe2 22. Rxe2 b5 23. a3 Nb6 24. g4 Rf8 25. Nd2 Kd7 26. Nf3 Re8 27.
Rxe8 Kxe8 28. Kf1 Na4 29. Bc1 Kd7 30. Ke2 Ke6 31. g5 Bd8 32. Ne5 Bc7 33. f4 Kf5
34. Kf3 f6 35. gxf6 gxf6 36. Nc6 Bd6 37. Nb4 Bxb4 38. axb4 Nb6 39. Ke3 Nc8 40.
Kf3 Nd6 41. Be3 Ne4 42. Bc1 Nd6 43. Be3 Nf7 44. Bd2 Nd8 45. Bc1 Nb7 46. Be3 a5
47. bxa5 Nxa5 48. Bd2 Nb3 49. Be3 Na1 50. Bc1 Nc2 51. Bd2 g5 52. fxg5 fxg5 53.
Bc1 Ne1+ 54. Ke2 Nd3 55. Be3 Nxb2 56. Kf3 Nd3 57. Bd2 Nb2 58. Bc1 Na4 59. Bd2
Nb6 60. Ke3 Nc8 61. Kf3 Nd6 62. Ke3 Ne4 63. Be1 g4 64. hxg4+ Kxg4 65. Ke2 Kf4
66. Bh4 Nxc3+ 67. Kd2 b4 68. Be7 Na2 69. Bf6 b3 70. Be5+ Kf5 71. Bg7 c3+ 0-1

[Event "GBR-ch107 U10"]
[Site "Milton Keynes"]
[Date "2021.10.02"]
[Round "3.6"]
[White "Zhu, Pengxiao"]
[Black "Pitts, Daniel"]
[Result "1-0"]
[WhiteElo "1375"]
[BlackElo "1338"]
[PlyCount "93"]
[EventDate "2021.10.02"]
[EventType "swiss"]
[EventRounds "7"]
[EventCountry "GBR"]
[SourceTitle "BritBase"]
[Source "John Saunders"]
[SourceDate "2021.06.05"]
[SourceVersion "1"]
[SourceVersionDate "2021.06.05"]
[SourceQuality "1"]

1. d4 d5 2. c4 e6 3. Nc3 Nf6 4. Nf3 Bb4 5. Qc2 O-O 6. a3 Be7 7. Bf4 c5 8. e3
Nc6 9. cxd5 exd5 10. dxc5 Bxc5 11. Bd3 h6 12. O-O Bb6 13. Rfd1 Bg4 14. Be2 d4
15. exd4 Bxd4 16. Nb5 Bxf3 17. Bxf3 Qb6 18. Bxc6 Rad8 19. Nxd4 Rxd4 20. Rxd4
Qxd4 21. Be3 Qd6 22. Bf3 b6 23. Rd1 Qe7 24. Bf4 Re8 25. h3 Qe6 26. Qc6 Qxc6 27.
Bxc6 Rc8 28. Bf3 Rc2 29. Be5 b5 30. Rd8+ Kh7 31. Bxf6 Rc1+ 32. Kh2 gxf6 33. Rd7
Kg6 34. Rxa7 Rc2 35. Be4+ f5 36. Bxc2 f6 37. a4 bxa4 38. Rxa4 h5 39. Ra5 h4 40.
Bxf5+ Kh6 41. g4 hxg3+ 42. Kxg3 Kg7 43. Kf4 Kh6 44. Bh7 Kxh7 45. Kf5 Kh6 46.
Ra7 Kh5 47. Rh7# 1-0

[Event "GBR-ch107 U10"]
[Site "Milton Keynes"]
[Date "2021.10.02"]
[Round "3.7"]
[White "Gushchin, Arseniy"]
[Black "Das, Rishabh"]
[Result "1/2-1/2"]
[WhiteElo "1278"]
[BlackElo "1370"]
[PlyCount "63"]
[EventDate "2021.10.02"]
[EventType "swiss"]
[EventRounds "7"]
[EventCountry "GBR"]
[SourceTitle "BritBase"]
[Source "John Saunders"]
[SourceDate "2021.06.05"]
[SourceVersion "1"]
[SourceVersionDate "2021.06.05"]
[SourceQuality "1"]

1. e4 c5 2. Nf3 Nf6 3. Nc3 e6 4. d4 d5 5. e5 Nfd7 6. Bb5 Nc6 7. Bxc6 bxc6 8.
Bf4 cxd4 9. Nxd4 c5 10. Ndb5 Qb6 11. Rb1 a6 12. Nd6+ Bxd6 13. exd6 O-O 14. Qg4
Nf6 15. Qg3 Nh5 16. Qg5 Nxf4 17. Qxf4 Bd7 18. O-O Bc6 19. b4 Rad8 20. Rfd1 Rfe8
21. h3 e5 22. Qg3 Rxd6 23. Ne4 Rg6 24. bxc5 Qd8 25. Qd3 Qh4 26. Nd6 d4 27. g4
Rxg4+ 28. Kf1 Rf4 29. Rd2 Qg5 30. Qxa6 Qg2+ 31. Ke1 Qg1+ 32. Qf1 1/2-1/2

[Event "GBR-ch107 U10"]
[Site "Milton Keynes"]
[Date "2021.10.02"]
[Round "3.8"]
[White "Kataria, Dhairya"]
[Black "Catabay, Rezin C"]
[Result "1-0"]
[WhiteElo "869"]
[BlackElo "1353"]
[PlyCount "65"]
[EventDate "2021.10.02"]
[EventType "swiss"]
[EventRounds "7"]
[EventCountry "GBR"]
[SourceTitle "BritBase"]
[Source "John Saunders"]
[SourceDate "2021.06.05"]
[SourceVersion "1"]
[SourceVersionDate "2021.06.05"]
[SourceQuality "1"]

1. e4 e5 2. Nf3 Nf6 3. Nxe5 d6 4. Nf3 Nxe4 5. d3 Nf6 6. Bg5 Be7 7. Be2 O-O 8.
O-O c5 9. Nc3 Nc6 10. Re1 d5 11. d4 c4 12. Ne5 Be6 13. Bf3 h6 14. Bh4 Rb8 15.
a4 a5 16. Bg3 Rc8 17. Qd2 Qb6 18. Nxc6 bxc6 19. Be5 Rfd8 20. b3 c5 21. bxc4
cxd4 22. Bxd4 Qc6 23. cxd5 Bxd5 24. Nxd5 Nxd5 25. Rxe7 Qd6 26. Re5 Nf6 27. Rd1
Rc4 28. Bc3 Qxd2 29. Rxd2 Rxd2 30. Bxd2 Rxc2 31. Bxa5 Ra2 32. h3 Rxa4 33. Bd8
1-0

[Event "GBR-ch107 U10"]
[Site "Milton Keynes"]
[Date "2021.10.02"]
[Round "3.9"]
[White "Rida, Ruqayyah"]
[Black "Shi, Shaoquan"]
[Result "1-0"]
[WhiteElo "1261"]
[BlackElo "1050"]
[PlyCount "79"]
[EventDate "2021.10.02"]
[EventType "swiss"]
[EventRounds "7"]
[EventCountry "GBR"]
[SourceTitle "BritBase"]
[Source "John Saunders"]
[SourceDate "2021.06.05"]
[SourceVersion "1"]
[SourceVersionDate "2021.06.05"]
[SourceQuality "1"]

1. e4 c5 2. Nf3 d6 3. d4 cxd4 4. Nxd4 Nf6 5. Nc3 g6 6. Be3 Bg7 7. f3 O-O 8. Qd2
Nc6 9. Bc4 Bd7 10. O-O-O Rc8 11. Bb3 a6 12. h4 Na5 13. g4 Nxb3+ 14. cxb3 b5 15.
Kb1 b4 16. Nce2 a5 17. Ng3 Rb8 18. Bh6 a4 19. Bxg7 Kxg7 20. bxa4 Bxa4 21. b3
Bb5 22. h5 Ng8 23. hxg6 fxg6 24. Ne6+ Kh8 25. Qd4+ Nf6 26. Nxd8 Rfxd8 27. g5 e5
28. Qd2 Ne8 29. Qh2 Rb7 30. Qh6 Kg8 31. Qh4 Re7 32. Rh2 Nc7 33. Rdh1 Ne6 34.
Qg4 Rde8 35. Rh6 Rf8 36. Qh4 Rff7 37. Rxg6+ Rg7 38. Qxh7+ Kf7 39. Rxg7+ Nxg7
40. Nf5 1-0

[Event "GBR-ch107 U10"]
[Site "Milton Keynes"]
[Date "2021.10.02"]
[Round "3.11"]
[White "Wang, Luoke"]
[Black "Vaidyanathan, Adithya"]
[Result "0-1"]
[WhiteElo "910"]
[BlackElo "1559"]
[PlyCount "114"]
[EventDate "2021.10.02"]
[EventType "swiss"]
[EventRounds "7"]
[EventCountry "GBR"]
[SourceTitle "BritBase"]
[Source "John Saunders"]
[SourceDate "2021.06.05"]
[SourceVersion "1"]
[SourceVersionDate "2021.06.05"]
[SourceQuality "1"]

1. d4 d5 2. c4 e6 3. Nf3 c5 4. cxd5 exd5 5. g3 Nc6 6. Bg2 Nf6 7. O-O Be6 8. Nc3
cxd4 9. Nxd4 Bc5 10. Nxe6 fxe6 11. Bg5 O-O 12. Rc1 h6 13. Bxf6 Qxf6 14. Ne4
dxe4 15. Rxc5 Rad8 16. Qc2 Nd4 17. Qxe4 b6 18. Re5 Rd5 19. Rxe6 Nxe6 20. Qxd5
Rd8 21. Qc4 Kh8 22. e3 Nc5 23. b4 Nd3 24. Be4 Ne5 25. Qe2 Qd6 26. f4 Nf7 27.
Qb2 Qe6 28. Qc2 Nd6 29. Rd1 Rf8 30. Rd4 Re8 31. Bf3 Qxe3+ 32. Qf2 Qxf2+ 33.
Kxf2 Nb5 34. Bc6 Re2+ 35. Kxe2 Nxd4+ 36. Kd3 Nxc6 37. Kc4 Kg8 38. Kb5 Nb8 39.
Kc4 Kf7 40. Kd5 Ke7 41. g4 Na6 42. a3 Kd7 43. h4 Nc7+ 44. Kc4 Kd6 45. h5 b5+
46. Kd4 a6 47. Ke4 Ne6 48. Kf5 Nf8 49. g5 Ke7 50. Ke5 Ne6 51. g6 Nxf4 52. Kxf4
Kf6 53. Ke4 Kg5 54. Kd5 Kxh5 55. Kc6 Kxg6 56. Kb6 h5 57. Kxa6 h4 0-1